[Event "Komercni Banka op"]
[Site "Pardubice"]
[Date "1996.??.??"]
[Round "8"]
[White "Wendt, Jan Dietrich"]
[Black "Konopka, Michal"]
[Result "0-1"]
[WhiteElo "2280"]
[BlackElo "2405"]

1.d4 Nf6 2.c4 g6 3.Nc3 d5 4.cxd5 Nxd5 5.e4 Nxc3 6.bxc3 Bg7 7.Bc4 c5 8.Ne2 Nc6
9.Be3 O-O 10.O-O Bd7 11.Rc1 Rc8 12.Qd2 Qa5 13.d5 Ne5 14.Bb3 Ng4 15.Bg5 c4
16.Bc2 f6 17.Bf4 e5 18.dxe6 Bxe6 19.Nd4 Bf7 20.Rb1 b6 21.Bd6 Rfd8 22.Bb4 Qh5
23.h3 Ne5 24.Qe3 Nd3 25.Ba3 Qa5 26.Bxd3 Qxc3 27.Bxc4 Rxc4 28.Qxc3 Rxc3 29.Nb3 Rc4
30.Rfd1 Rxd1+ 31.Rxd1 Rxe4 32.Rd7 a5 33.Rb7 f5 34.f3 Re8 35.Rxb6 a4 36.Nc5 Rc8
37.Rb5 Ra8 38.Rb4 Bf8 39.Rb5 Bxa2 40.Bb4 Bc4 41.Rb7 a3 42.Bc3 Bxc5+  0-1

[Event "Komercni Banka op"]
[Site "Pardubice"]
[Date "1996.??.??"]
[Round "9"]
[White "Neuman, Petr"]
[Black "Pribyl, Martin"]
[Result "1/2-1/2"]
[WhiteElo "2205"]
[BlackElo "2320"]

1.d4 Nf6 2.c4 g6 3.Nc3 d5 4.cxd5 Nxd5 5.e4 Nxc3 6.bxc3 Bg7 7.Bc4 c5 8.Ne2 Nc6
9.Be3 O-O 10.Rc1 cxd4 11.cxd4 Qa5+ 12.Kf1 Bd7 13.h4 Rfc8 14.h5 e5 15.hxg6 hxg6
16.d5 Nd4 17.Bd2 Qa3 18.Nxd4 exd4 19.Qb3 Qxb3 20.axb3 a5 21.Ke2 Re8 22.Bd3 f5
23.Rc7 Rad8 24.f3 fxe4 25.Bxe4 Bf5 26.Kd3 Rxd5 27.Bxf5 Rxf5 28.Rxb7 Rfe5
29.Rb6 R8e6 30.Rxe6 Rxe6 31.Ra1 Rb6 32.Ra3 Bf8 33.Rxa5 Rxb3+ 34.Kxd4 Rb2
35.Be3  1/2-1/2

[Event "Paris op"]
[Site "Paris"]
[Date "1996.??.??"]
[Round "2"]
[White "Sherbakov, Ruslan"]
[Black "Vydeslaver, Alik"]
[Result "1/2-1/2"]
[WhiteElo "2565"]
[BlackElo "2480"]

1.d4 Nf6 2.c4 g6 3.Nc3 d5 4.cxd5 Nxd5 5.e4 Nxc3 6.bxc3 Bg7 7.Nf3 c5 8.Rb1 O-O
9.Be2 Qa5 10.O-O Qxa2 11.Bg5 Nd7 12.Bxe7 Re8 13.Bd6 cxd4 14.Nxd4 Nf6 15.f3 Nd5
16.exd5 Bxd4+ 17.cxd4  1/2-1/2

[Event "Parnu-B"]
[Site "Parnu"]
[Date "1996.??.??"]
[Round "9"]
[White "Epishin, Vladimir"]
[Black "Rytshagov, Mikhail"]
[Result "1-0"]
[WhiteElo "2645"]
[BlackElo "2495"]

1.d4 Nf6 2.c4 g6 3.Nc3 d5 4.cxd5 Nxd5 5.e4 Nxc3 6.bxc3 Bg7 7.Be3 c5 8.Qd2 cxd4
9.cxd4 Nc6 10.Rd1 O-O 11.Nf3 Bg4 12.Be2 Rc8 13.O-O Qa5 14.Qxa5 Nxa5 15.Rc1 Bxf3
16.Bxf3 Nc4 17.e5 Nxe3 18.fxe3 b6 19.Bb7 Rxc1 20.Rxc1 e6 21.Kf2 f6 22.exf6 Bxf6
23.Ke2 Re8 24.Ba6 e5 25.d5 Bd8 26.d6 Kg7 27.Rc7+ Kf6 28.Rxh7 Ke6 29.Rh6 Kxd6
30.Rxg6+ Kc5 31.g3 b5 32.h4 Rh8 33.Bb7 Kb4 34.Bd5 Bb6 35.Rg5 Bc7 36.h5 Ka3
37.g4 a5 38.Rg7 Bd6 39.Rb7  1-0

[Event "Pico City op"]
[Site "Pico City"]
[Date "1996.??.??"]
[Round "4"]
[White "Recoulat, Eduardo J"]
[Black "Bronstein, Luis"]
[Result "1/2-1/2"]
[WhiteElo "2185"]
[BlackElo "2390"]

1.d4 Nf6 2.c4 g6 3.Nc3 d5 4.cxd5 Nxd5 5.e4 Nxc3 6.bxc3 Bg7 7.Be3 c5 8.Qd2 O-O
9.Rb1 Nd7 10.Bd3 e5 11.d5 f5 12.Bg5 Nf6 13.f3 Qd6 14.c4 b6 15.Ne2 fxe4 16.Bxf6 exd3
17.Bxg7 Kxg7 18.Ng3 Bf5 19.O-O a6 20.Nxf5+ Rxf5 21.Qxd3 Rf4 22.a4 Raf8 23.Rfe1 Rd4
24.Qe2 Rf5 25.Rb2 Rff4 26.g3 Rf6 27.Reb1 e4 28.fxe4 Qe5 29.Rxb6 Rxe4 30.Rb7+ Kh6
31.Qd2+ g5 32.R7b6 Rg6 33.Rxg6+ hxg6 34.Rc1 Qd4+ 35.Qxd4 Rxd4  1/2-1/2

[Event "Polanica Zdroj op"]
[Site "Polanica Zdroj"]
[Date "1996.??.??"]
[Round "3"]
[White "Shishkin, Vadim"]
[Black "Sakalauskas, Vaidas"]
[Result "1-0"]
[WhiteElo "2425"]
[BlackElo "2320"]

1.d4 Nf6 2.c4 g6 3.Nc3 d5 4.cxd5 Nxd5 5.e4 Nxc3 6.bxc3 Bg7 7.Bb5+ c6 8.Ba4 b5
9.Bb3 Bb7 10.Ba3 a5 11.Nf3 O-O 12.O-O Na6 13.Qe2 b4 14.cxb4 axb4 15.Bb2 c5
16.Rfd1 cxd4 17.Bxd4 Bxd4 18.Rxd4 Qb6 19.Rad1 Nc5 20.Qe3 Nxb3 21.axb3 Rfd8
22.h4 Rxd4 23.Rxd4 Rd8 24.Rd7  1-0

[Event "Polanica Zdroj op"]
[Site "Polanica Zdroj"]
[Date "1996.??.??"]
[Round "9"]
[White "Shishkin, Vadim"]
[Black "Michalski, Olaf"]
[Result "1-0"]
[WhiteElo "2425"]
[BlackElo "2305"]

1.d4 Nf6 2.c4 g6 3.Nc3 d5 4.cxd5 Nxd5 5.e4 Nxc3 6.bxc3 Bg7 7.Bb5+ Bd7 8.Be2 c5
9.Nf3 cxd4 10.cxd4 Bc6 11.Qd3 f5 12.exf5 Qa5+ 13.Bd2 Qxf5 14.Qxf5 gxf5 15.O-O Bd5
16.Rab1 Nc6 17.Bf4 O-O 18.Rb5 Rfd8 19.Re1 Bf6 20.Be5 Nxe5 21.dxe5 Bg7 22.Rxd5 Rxd5
23.Bc4 Rd8 24.Ng5 Bh6 25.Ne6 Kh8 26.Nxd8 Rxd8 27.g3 Bd2 28.Rb1 b6 29.Kg2 Bc3
30.f4 Rd2+ 31.Kh3 Kg7 32.Be6 Bd4 33.Rc1 Bc5 34.a4 Kg6 35.a5 Be3 36.Re1 Bc5
37.Rc1 Be3 38.Re1 Bc5 39.axb6 axb6 40.Rc1 Be3 41.Rc8 Bg1 42.Rg8+ Kh6 43.Bxf5 Rxh2+
44.Kg4 Bc5 45.Be6 Re2 46.Kf5 Rf2 47.Bf7 Be3 48.Ke6 Bc5  1-0

[Event "Prague op"]
[Site "Prague"]
[Date "1996.??.??"]
[Round "5"]
[White "Koper, Stefan"]
[Black "Bilinskas, Rajmundas"]
[Result "0-1"]
[WhiteElo "2030"]
[BlackElo "2250"]

1.d4 Nf6 2.c4 g6 3.Nc3 d5 4.cxd5 Nxd5 5.e4 Nxc3 6.bxc3 Bg7 7.Rb1 O-O 8.Nf3 c5
9.Be2 cxd4 10.cxd4 Qa5+ 11.Qd2 Qxd2+ 12.Bxd2 b6 13.O-O Bb7 14.e5 Bd5 15.a3 Nc6
16.Be3 Rac8 17.Ba6 Rcd8 18.Rfd1 Nb8 19.Be2 Rc8 20.Rbc1 h6 21.Nd2 Rfd8 22.h4 e6
23.a4 Bf8 24.h5 Kg7 25.hxg6 fxg6 26.Bf3 Ba3 27.Rxc8 Rxc8 28.Bxd5 exd5 29.g4 Rc1
30.Rf1 Nc6 31.f4 Rxf1+ 32.Kxf1 Bc1 33.Ke2 Bxd2 34.Kxd2 Ne7 35.Bf2 h5 36.Bh4 Kf7
37.gxh5 gxh5 38.Kc3 Nf5 39.Bf2 h4 40.Kd3 h3 41.Bg1 a6 42.Bh2 Ke6 43.Bg1 b5
44.axb5 axb5 45.Kc3 Nh4 46.Bh2 Nf3 47.Bg3 h2 48.Bxh2 Nxh2 49.Kb4 Nf3 50.Kxb5 Nxd4+
51.Kc5 Nf5 52.Kb4 Ne7 53.Kc5 Kf5 54.Kd6 d4 55.Kxe7 d3 56.Kf7 d2 57.e6 d1=Q
58.e7 Qh5+ 59.Kf8 Qh8+ 60.Kf7 Qf6+  0-1

[Event "Randers"]
[Site "Randers"]
[Date "1996.??.??"]
[Round "9"]
[White "Rasmussen, Peter"]
[Black "Moberg, Karl Johan"]
[Result "0-1"]
[WhiteElo "2285"]
[BlackElo "2405"]

1.d4 Nf6 2.c4 g6 3.Nc3 d5 4.cxd5 Nxd5 5.e4 Nxc3 6.bxc3 Bg7 7.Nf3 O-O 8.Be2 c5
9.Rb1 cxd4 10.cxd4 Qa5+ 11.Qd2 Qxd2+ 12.Bxd2 b6 13.O-O Bb7 14.d5 Ba6 15.Bxa6 Nxa6
16.Be3 f5 17.Ng5 fxe4 18.Nxe4 Rf5 19.Rfd1 Rd8 20.Rbc1 Nb4 21.d6 exd6 22.Bg5 Rdf8
23.Rxd6 Nxa2 24.Rc2 Nc3 25.Nxc3 Bxc3 26.Rxc3 Rxg5 27.Ra3 Rc5 28.g3 Rf7 29.h4 Rc1+
30.Kg2 Rc2 31.Kh3 Rcxf2 32.Rd8+ Kg7 33.Ra8 a5 34.Rb3 R2f6 35.Rb8 a4 36.R3xb6 Rxb6
37.Rxb6 Ra7 38.Rb2 a3 39.Ra2 Kf6 40.Kg4 Ke5 41.Kg5 Ke4  0-1

[Event "Hellir CC-ch"]
[Site "Reykjavik"]
[Date "1996.??.??"]
[Round "6"]
[White "Thorfinnsson, Bjorn"]
[Black "Gunnarsson, Gunnar K"]
[Result "1-0"]
[WhiteElo "2060"]
[BlackElo "2290"]

1.d4 Nf6 2.c4 g6 3.Nc3 d5 4.cxd5 Nxd5 5.e4 Nxc3 6.bxc3 Bg7 7.Be3 c5 8.Rc1 cxd4
9.cxd4 O-O 10.Nf3 Nc6 11.d5 Ne5 12.Nxe5 Bxe5 13.Be2 e6 14.f4 Bg7 15.d6 e5
16.O-O exf4 17.Bxf4 Re8 18.Rc7 Be6 19.Bb5 Rf8 20.Bc4 Bxc4 21.Rxc4 Qb6+ 22.Kh1 Rad8
23.Qd5 Qa6 24.Rcc1 Rd7 25.e5 Kh8 26.Bg5 h6 27.Be7 Qa3 28.Bxf8 Bxf8 29.Qb3  1-0

[Event "Sakthi"]
[Site "Sakthi"]
[Date "1996.??.??"]
[Round "8"]
[White "Babu, N Sudhakar"]
[Black "Konguveel, Ponnuswamy"]
[Result "1-0"]
[WhiteElo "2445"]
[BlackElo "2395"]

1.d4 Nf6 2.c4 g6 3.Nc3 d5 4.cxd5 Nxd5 5.e4 Nxc3 6.bxc3 Bg7 7.Be3 c5 8.Qd2 cxd4
9.cxd4 Nc6 10.Rd1 Qa5 11.Qxa5 Nxa5 12.Nf3 O-O 13.Be2 Bd7 14.Bd2 Nc6 15.d5 Nd4
16.Nxd4 Bxd4 17.Bb4 Bf6 18.f4 a5 19.Ba3 Bc3+ 20.Kf2 b5 21.Bxe7 Rfe8 22.d6 a4
23.Ke3 a3 24.Rd5 Rab8 25.Bd1 Be6 26.Rd3 Bb4 27.Bb3 Rxe7 28.dxe7 Bxe7 29.Rc1 Bxb3
30.Rxb3 g5 31.g3 b4 32.Rc7 gxf4+ 33.gxf4 Kf8 34.e5 Bd8 35.Rc4 Be7 36.Ke4 Rd8
37.f5 f6 38.exf6 Bd6 39.Rh3 Kf7 40.Rxh7+ Kxf6 41.Rh6+ Kg7 42.Rg6+ Kf7 43.h4 Be7
44.Rc7 Rd2 45.Ke3 Rxa2 46.Re6 b3 47.Rcxe7+ Kf8 48.Rb7 b2 49.Ra6  1-0

[Event "Sao Paulo Charlier"]
[Site "Sao Paulo"]
[Date "1996.??.??"]
[Round "4"]
[White "Dias, Anderson T"]
[Black "Pelikian, Jefferson"]
[Result "0-1"]
[WhiteElo "2265"]
[BlackElo "2365"]

1.d4 Nf6 2.c4 g6 3.Nc3 d5 4.cxd5 Nxd5 5.e4 Nxc3 6.bxc3 Bg7 7.Bc4 O-O 8.Ne2 b6
9.O-O Bb7 10.f3 Nc6 11.Be3 Na5 12.Bd3 Qd7 13.f4 e6 14.f5 exf5 15.exf5 Rfe8
16.Bg5 c5 17.Rf2 cxd4 18.Nxd4 a6 19.Qf1 Rac8 20.Nf3 Rxc3 21.Rd1 Qc8 22.Kh1 Nc4
23.fxg6 hxg6 24.Re2 Rxe2 25.Qxe2 Bxf3 26.gxf3 Kh7 27.Kg2 Nb2 28.Bxa6 Qf5
29.Bd2 Nxd1 30.Qxd1 Rc2 31.Be2 Rxa2  0-1

[Event "Sentjur op"]
[Site "Sentjur"]
[Date "1996.??.??"]
[Round "?"]
[White "Sitnik, Igor"]
[Black "Ivacic, Vladimir"]
[Result "1/2-1/2"]
[WhiteElo "2160"]
[BlackElo "2285"]

1.d4 Nf6 2.c4 g6 3.Nc3 d5 4.cxd5 Nxd5 5.e4 Nxc3 6.bxc3 Bg7 7.Bc4 c5 8.Ne2 O-O
9.O-O Nc6 10.Be3 Qc7 11.Rc1 Rd8 12.Qd2 e6 13.Rfd1 Na5 14.Bd3 b6 15.f4 f5
16.e5 c4 17.Bc2 Bb7 18.Qe1 Rd5 19.Bf2 Nc6 20.Ng3 Ne7 21.Rd2 Ra5 22.Bd1 Nd5
23.Be3 Ra3 24.Rdc2 b5 25.Bf3 Qa5 26.Bd2 a6 27.Ra1 Qb6 28.Bc1 Ra4 29.Bd1 Bf8
30.Rf2 Ra5 31.Rb1 Qc6 32.Nf1 Ba3 33.Bd2 Be7 34.Bc1 Rd8 35.Bf3 Qc7 36.g3 Nb6
37.Bxb7 Qxb7 38.Rc2 Qf3 39.Qe2 Qxe2 40.Rxe2 Nd5 41.Rc2 Ra4 42.Ne3 Rd7 43.Nxd5 Rxd5
44.Be3 Kf7 45.Kf2 Bd8 46.h3 Ba5 47.g4 Ra3 48.Bd2 Bb6 49.gxf5 gxf5 50.Ke2 Rd8
51.Rg1 Ba5 52.Kd1 b4 53.cxb4 Bb6 54.Rxc4 Rxd4 55.Rxd4 Bxd4 56.Rg2 Rxa2 57.Rg3 Bb6
58.Rc3 Bd8 59.Rc8 Be7 60.Rh8 Kg7 61.Ra8 Ra3 62.Ra7 Kf8 63.Kc2 Ra2+ 64.Kd3 Ra4
65.Kc4 Ra2 66.Be3 Rc2+ 67.Kb3 Rc6 68.Bc5 Bxc5 69.bxc5 Rxc5 70.Rxa6 Kf7 71.Ra7+ Kf8
72.Rxh7 Rc1 73.Kb4 Rf1 74.Kc5 Rd1 75.h4 Ra1 76.Rc7 Ra4 77.Kd6 Rxf4 78.Kxe6 Rxh4
79.Rc8+ Kg7 80.Ke7 Ra4  1/2-1/2

[Event "EU-ch U20"]
[Site "Siofok"]
[Date "1996.??.??"]
[Round "9"]
[White "Shariyazdanov, Andrey"]
[Black "Ruck, Robert"]
[Result "1-0"]
[WhiteElo "2470"]
[BlackElo "2465"]

1.d4 Nf6 2.c4 g6 3.Nc3 d5 4.cxd5 Nxd5 5.e4 Nxc3 6.bxc3 Bg7 7.Bb5+ c6 8.Ba4 O-O
9.Ne2 e5 10.O-O Re8 11.Qc2 Qe7 12.f3 Nd7 13.Bb3 b6 14.Be3 Ba6 15.Rfe1 Rac8
16.Rad1 c5 17.Qd2 cxd4 18.cxd4 exd4 19.Bxd4 Ne5 20.Qe3 Nc4 21.Qf2 Nb2 22.Bxb2 Bxb2
23.Nf4 Bg7 24.Nd5 Qc5 25.f4 Bb7 26.e5 Bxd5 27.Rxd5 Qxf2+ 28.Kxf2 Rcd8 29.Red1 Rxd5
30.Rxd5 Bf8 31.Kf3 Ba3 32.g4 Kg7 33.Rd3 Bc5 34.Ke4 Kf8 35.f5 gxf5+ 36.gxf5 f6
37.Be6 fxe5 38.Kxe5 Kg7 39.f6+ Kg6 40.Rg3+ Kh5 41.f7 Rf8 42.a4 a6 43.Rg8 Kh6
44.Kd5 a5 45.Kc6 Kh5 46.Kd7 Kh6 47.h4 Bb4 48.h5 Kxh5 49.Rxf8 Bxf8 50.Ke8 Bc5
51.f8=Q Bxf8 52.Kxf8 Kg5 53.Ke7 h5 54.Kd6 Kf6 55.Bd5 h4 56.Kc6 Ke5 57.Bh1  1-0

[Event "SLO-chT sf"]
[Site "SLO"]
[Date "1996.??.??"]
[Round "2"]
[White "Starcic, Tadej"]
[Black "Panic, Branko"]
[Result "1-0"]
[WhiteElo "1910"]
[BlackElo "1785"]

1.d4 Nf6 2.c4 g6 3.Nc3 d5 4.cxd5 Nxd5 5.e4 Nxc3 6.bxc3 Bg7 7.Bc4 c5 8.Ne2 O-O
9.O-O Nc6 10.Be3 cxd4 11.cxd4 e6 12.Qd2 h6 13.Rad1 Kh7 14.e5 Ne7 15.Ng3 b6
16.Bd3 Nd5 17.Nh5 Nxe3 18.fxe3 Bb7 19.Nf6+ Bxf6 20.Rxf6 Rc8 21.Rdf1 Kg7 22.Bxg6 Rc7
23.Qf2 Qd5 24.Qg3 Kh8 25.Be4 Qxe4 26.Rxh6+ Qh7 27.Rxh7+ Kxh7 28.Qh4+ Kg8
29.Qg5+  1-0

[Event "Sochi"]
[Site "Sochi"]
[Date "1996.??.??"]
[Round "?"]
[White "Ivanov, Victor L"]
[Black "Baikov, Vladimir A"]
[Result "1/2-1/2"]
[WhiteElo "2450"]
[BlackElo "2520"]

1.d4 Nf6 2.c4 g6 3.Nc3 d5 4.cxd5 Nxd5 5.e4 Nxc3 6.bxc3 Bg7 7.Nf3 c5 8.Rb1 O-O
9.Be2 b6 10.O-O Qc7 11.Bg5 Bb7 12.Qd3 h6 13.Bh4 cxd4 14.cxd4 Qf4 15.d5 Ba6
16.Qd1 Qxe4 17.Bxa6 Nxa6 18.Re1 Qf5 19.Bxe7 Rfc8 20.Qa4  1/2-1/2

[Event "St Petersburg-ch"]
[Site "St Petersburg"]
[Date "1996.??.??"]
[Round "4"]
[White "Ionov, Sergey"]
[Black "Orlov, Vassily"]
[Result "0-1"]
[WhiteElo "2490"]
[BlackElo "2430"]

1.d4 Nf6 2.c4 g6 3.Nc3 d5 4.cxd5 Nxd5 5.e4 Nxc3 6.bxc3 Bg7 7.Bb5+ c6 8.Ba4 b5
9.Bb3 Bb7 10.Qf3 e6 11.e5 Qc7 12.Ne2 c5 13.Qh3 Nc6 14.O-O O-O 15.Bh6 b4 16.Bxg7 Kxg7
17.Rfc1 Ba6 18.Nf4 c4 19.Ba4 Rac8 20.Bxc6 Qxc6 21.Re1 bxc3 22.Qxc3 Rfd8 23.Rad1 Bb7
24.d5 exd5 25.e6+ f6 26.e7 Rd6 27.Qe3 Re8 28.Qxa7 g5 29.Nh5+ Kg6 30.Ng3 d4
31.Ne4 Rxe7 32.f3 Rde6 33.Rxd4 f5 34.Red1 fxe4 35.Qb8 exf3 36.Rd6 f2+  0-1

[Event "RUS-Cup1 Chigorin mem"]
[Site "St Petersburg"]
[Date "1996.??.??"]
[Round "6"]
[White "Epishin, Vladimir"]
[Black "Smikovski, I."]
[Result "1/2-1/2"]
[WhiteElo "2620"]
[BlackElo "2545"]

1.d4 Nf6 2.c4 g6 3.Nc3 d5 4.cxd5 Nxd5 5.e4 Nxc3 6.bxc3 Bg7 7.Be3 c5 8.Qd2 Qa5
9.Rb1 b6 10.Bb5+ Bd7 11.Be2 Nc6 12.Nf3 O-O 13.Rc1 cxd4 14.cxd4 Rfc8 15.Qxa5 Nxa5
16.Kd2 b5 17.Rxc8+ Rxc8 18.Rc1 Nc4+ 19.Bxc4 bxc4 20.Bf4 e6 21.Kc3 Bc6 22.Re1 Bf8
23.Ne5 Ba4 24.Rb1 a5 25.Nxc4 Bb4+ 26.Rxb4 axb4+ 27.Kxb4 Bc2 28.Nb6 Rc6 29.Nd7 Ra6
30.a3 Ra4+ 31.Kc3 Bd1 32.Bd6 Be2 33.Bc5 f5 34.e5 Kf7 35.Nb6 Ra6 36.Kb4 Bf1
37.g3 Rxb6+ 38.Bxb6 Bg2 39.Bd8 Ke8 40.Bg5 h5 41.Kc5 Kd7 42.a4 Bf3 43.a5 Bg2
44.a6 Bf3 45.a7 Bg2 46.Kb4 Bf3 47.Kc3 Bd5 48.Kd2 Ke8 49.Ke3 Bc6 50.Kf4 Bd5
51.Bh6 Kf7 52.Kg5 Ba8 53.Bf8 Bd5 54.Kh6 Bf3 55.Bb4 Bd5 56.Kg5 Bf3 57.Kf4 Bd5
58.Bd2 Ke8 59.h3 Kf7 60.Be1 Ba8 61.Ke3 Bd5 62.Kd3 Ke8 63.Kc3 Kd7 64.Kb4 Bf3
65.Kb5 Bd5 66.f4 Bf3 67.Kc5 Be4 68.Bd2 Bd5 69.Ba5 Be4 70.h4 Bd5 71.Be1 Be4
72.Bf2 Bd5 73.Bg1 Be4 74.Bh2 Bd5 75.Bg1 Be4 76.Be3 Bd5 77.Bd2 Be4  1/2-1/2

[Event "RUS-Cup1 Chigorin mem"]
[Site "St Petersburg"]
[Date "1996.??.??"]
[Round "8"]
[White "Epishin, Vladimir"]
[Black "Neverov, Valeriy"]
[Result "1-0"]
[WhiteElo "2620"]
[BlackElo "2515"]

1.d4 Nf6 2.c4 g6 3.Nc3 d5 4.cxd5 Nxd5 5.e4 Nxc3 6.bxc3 Bg7 7.Be3 c5 8.Qd2 cxd4
9.cxd4 Nc6 10.Rd1 O-O 11.Nf3 Qa5 12.Qxa5 Nxa5 13.Be2 b6 14.Bd2 Bb7 15.Bd3 Rac8
16.Bxa5 bxa5 17.Rb1 Ba8 18.Ke2 Rc3 19.Rb3 Rc7 20.Rhb1 f5 21.e5 h6 22.Rb8 e6
23.Nh4 Kf7 24.Rxf8+ Bxf8 25.Rb8 Bd5 26.Nxg6 Kxg6 27.Rxf8 Bxa2 28.g4 Kg7 29.Rf6 fxg4
30.Rg6+ Kf8 31.Rxh6 a4 32.Rh8+ Ke7 33.Rh7+ Kd8 34.Rh8+ Ke7 35.Kd2 a3 36.Rh7+ Kd8
37.Rxc7 Kxc7 38.Kc3 Kc6 39.Be2 Kd5 40.f3 Bb1 41.Bc4+ Kc6 42.fxg4  1-0

[Event "Petrov mem"]
[Site "St Petersburg"]
[Date "1996.??.??"]
[Round "8"]
[White "Lugovoi, Aleksei"]
[Black "Gubanov, Anton"]
[Result "1/2-1/2"]
[WhiteElo "2470"]
[BlackElo "2375"]

1.d4 Nf6 2.c4 g6 3.Nc3 d5 4.cxd5 Nxd5 5.e4 Nxc3 6.bxc3 Bg7 7.Nf3 c5 8.Rb1 O-O
9.Be2 Nc6 10.d5 Ne5 11.Nxe5 Bxe5 12.Qd2 b6 13.O-O Bg7 14.f4 e6 15.dxe6 fxe6
16.Bc4 Qe7 17.Qe3 Kh8 18.e5 Bb7 19.Qh3 Bd5 20.Bxd5 exd5 21.Be3 Rad8 22.Rbd1 Qd7
23.Qxd7 Rxd7 24.Rf2 Kg8 25.Rfd2 Rfd8 26.Bf2 g5 27.c4 d4 28.e6 Rd6 29.f5 d3
30.Bg3 Rd4 31.Bc7 Rc8 32.Re1 Bf6 33.Be5 Bxe5 34.Rxe5 Kg7 35.Re3  1/2-1/2

[Event "Rilton Cup 96/97"]
[Site "Stockholm"]
[Date "1996.??.??"]
[Round "4"]
[White "Agrest, Evgenij"]
[Black "Hellers, Ferdinand"]
[Result "1/2-1/2"]
[WhiteElo "2475"]
[BlackElo "2585"]

1.d4 Nf6 2.c4 g6 3.Nc3 d5 4.cxd5 Nxd5 5.e4 Nxc3 6.bxc3 Bg7 7.Nf3 c5 8.Rb1 O-O
9.Be2 cxd4 10.cxd4 Qa5+ 11.Bd2 Qxa2 12.O-O Bg4 13.Bg5 h6 14.Be3 Nc6 15.d5 Na5
16.Bc5 Bf6 17.e5 Bxe5 18.Rb4 Bxf3 19.Bxf3 Rae8 20.Be3 Nc4 21.Bxh6 Nd6 22.Bxf8 Kxf8
23.Ra4 Qb2 24.Rxa7 Rc8 25.Qa4 b5 26.Qa3 Qxa3 27.Rxa3 b4 28.Rb3 Bc3 29.h3 Nb5
30.Rfb1 Nd4  1/2-1/2

[Event "SUI-chT"]
[Site "SUI"]
[Date "1996.??.??"]
[Round "5"]
[White "Raeber, Markus"]
[Black "Pelletier, Yannick"]
[Result "0-1"]
[WhiteElo "2215"]
[BlackElo "2440"]

1.d4 Nf6 2.c4 g6 3.Nc3 d5 4.cxd5 Nxd5 5.e4 Nxc3 6.bxc3 Bg7 7.Nf3 c5 8.Rb1 O-O
9.Be2 Nc6 10.d5 Ne5 11.Nxe5 Bxe5 12.Qd2 e6 13.f4 Bc7 14.O-O exd5 15.exd5 Ba5
16.Bb2 Bf5 17.Rbd1 Qb6 18.Bc4 Rfe8 19.Rde1 Qd6 20.Qd1 Rxe1 21.Qxe1 b5 22.Bxb5 Rb8
23.Qe2 c4 24.Bxc4 Qc5+ 25.Kh1 Bg4 26.Qxg4 Qxc4 27.Qf3 Rxb2 28.f5 Qe2 29.fxg6 Qxf3
30.gxh7+ Kxh7 31.gxf3 Bxc3 32.Rc1 Be5 33.f4 Bxf4 34.Rc4 Rxh2+ 35.Kg1 Be5  0-1

[Event "SVK-chT9596"]
[Site "?"]
[Date "1996.??.??"]
[Round "4"]
[White "Debnar, Lubos"]
[Black "Fabian, Jaroslav"]
[Result "1-0"]
[WhiteElo "2265"]
[BlackElo "2290"]

1.d4 Nf6 2.c4 g6 3.Nc3 d5 4.cxd5 Nxd5 5.e4 Nxc3 6.bxc3 Bg7 7.Bc4 O-O 8.Ne2 c5
9.O-O cxd4 10.cxd4 Nc6 11.Be3 e6 12.Rb1 b6 13.Qd2 Na5 14.Bd3 Bb7 15.Bh6 Rc8
16.Rbc1 Qd7 17.Bxg7 Kxg7 18.h4 Qe7 19.h5 Qh4 20.Ng3 Rfd8 21.Rxc8 Rxc8 22.d5 exd5
23.Re1 d4 24.e5 Re8 25.Be4 Qd8 26.Qf4 Re6 27.h6+ Kg8 28.Bxb7 Nxb7 29.Ne4 d3
30.Nf6+ Kh8 31.Nxh7 f5 32.Ng5 Re7 33.e6 Qd5 34.Nf7+ Kh7 35.Ng5+ Kg8 36.h7+ Kg7
37.Qh4 Re8 38.Nf7  1-0

[Event "SWE-chT 9596"]
[Site "?"]
[Date "1996.??.??"]
[Round "?"]
[White "Renman, Nils Gustaf"]
[Black "Bergstrom, Magnus"]
[Result "1/2-1/2"]
[WhiteElo "2375"]
[BlackElo "2285"]

1.d4 Nf6 2.c4 g6 3.Nc3 d5 4.cxd5 Nxd5 5.e4 Nxc3 6.bxc3 Bg7 7.Be3 O-O 8.Qd2 b6
9.h4 e6 10.h5 Qe7 11.hxg6 hxg6 12.e5 c5 13.Bh6 f5 14.Bg5 Qd7 15.Nh3 cxd4
16.cxd4 Nc6 17.Rd1 Ne7 18.Nf4 Nd5 19.Nxg6 Re8 20.Be2 Bb7 21.Qd3 Qf7 22.Bh5 Qc7
23.Rc1 Qd7 24.Qh3 Rec8 25.Be2 Rxc1+ 26.Bxc1 Qc7 27.Qh7+ Kf7 28.O-O Qd8 29.Bh5 Qg8
30.Nf4+ Ke7 31.Ba3+ Kd7 32.Qxg8 Rxg8 33.Bf7 Nxf4 34.Bxg8 Bxg2 35.Re1 Bf3
36.Kh2 Ne2 37.Bc1 Nxd4 38.Bf4 Bd5 39.Kg3 Nc6 40.Bf7 Bxa2 41.Bh5 Bd5 42.Bf3 Bxf3
43.Kxf3 Nd4+ 44.Kg2 Kc6 45.Rc1+ Kd5 46.Rc7 Bxe5 47.Bxe5 Kxe5 48.Rxa7 Ke4
49.Rb7 b5 50.Kf1 e5 51.Kg2 Kd3 52.Kg3 f4+ 53.Kg4 f3 54.Re7 e4 55.Kf4 Ne2+
56.Kf5 Nc3 57.Kg4 b4 58.Rb7 Nd5 59.Rb8 Kc2 60.Rb5 Nf6+ 61.Kg5 b3 62.Kxf6 b2
63.Rc5+ Kd3 64.Rb5 e3 65.fxe3 Kxe3  1/2-1/2

[Event "SWE-chT 9596"]
[Site "?"]
[Date "1996.??.??"]
[Round "?"]
[White "Faldt, Magnus"]
[Black "Engsner, Joakim"]
[Result "1/2-1/2"]
[WhiteElo "2230"]
[BlackElo "2265"]

1.d4 Nf6 2.c4 g6 3.Nc3 d5 4.cxd5 Nxd5 5.e4 Nxc3 6.bxc3 Bg7 7.Bc4 O-O 8.Ne2 c5
9.Be3 Nc6 10.O-O Bg4 11.f3 Na5 12.Bd3 cxd4 13.cxd4 Be6 14.Rc1 Bxa2 15.Qa4 Be6
16.d5 Bd7 17.Qb4 e6 18.Nc3 exd5 19.Nxd5 Be6 20.Rfd1 Bxd5 21.exd5 Re8 22.Bf2 Bf8
23.Qa4 a6 24.Ra1 b6 25.Rdb1 Nb7 26.Bxb6 Bc5+ 27.Bxc5 Nxc5 28.Qd4 Nxd3 29.Qxd3 Qd6
30.Qd4 Re5 31.Rd1 Rd8 32.Rxa6 Qxd5 33.Qxd5 Rexd5 34.Rxd5 Rxd5 35.Ra2  1/2-1/2

[Event "SWE-chT 9596"]
[Site "?"]
[Date "1996.??.??"]
[Round "?"]
[White "Hellsten, Johan"]
[Black "Wiedenkeller, Michael"]
[Result "1-0"]
[WhiteElo "2475"]
[BlackElo "2425"]

1.d4 Nf6 2.c4 g6 3.Nc3 d5 4.cxd5 Nxd5 5.e4 Nxc3 6.bxc3 Bg7 7.Bb5+ c6 8.Ba4 O-O
9.Ne2 a5 10.h4 b5 11.Bc2 b4 12.h5 Ba6 13.hxg6 hxg6 14.Ng3 e5 15.Nf5 exd4
16.Nxg7 d3 17.Nh5 Re8 18.Qf3 gxh5 19.Bb3 Ra7 20.Rxh5 Qd6 21.Bh6 d2+ 22.Kd1 Bc8
23.e5 Qd7 24.Rg5+ Kh7 25.Bc2+ f5 26.exf6 Kh8 27.Bg7+ Kg8 28.f7+ Qxf7 29.Bd4+ Kf8
30.Bc5+ Ree7 31.Qg3 Qc4 32.Bxe7+ Rxe7 33.Qf3+ Rf7 34.Qe2 Qxe2+ 35.Kxe2 bxc3
36.Kd3 Rxf2 37.Kxc3 Be6 38.Rd1 Nd7 39.Rxd2 Rxd2 40.Kxd2 Bxa2 41.Ba4 Nb6 42.Bxc6 Ke7
43.Kc3 a4 44.Rb5 Nc4 45.Rb7+ Kf6 46.Bxa4 Ne3 47.Bc6 Bd5 48.Bxd5 Nxd5+ 49.Kd2 Nf4
50.g3 Nh5 51.Rb3 Kg5 52.Ke2 Kg4 53.Kf2 Ng7 54.Rb4+ Kg5 55.Kf3 Nf5 56.Rb5 Kg6
57.Kf4 Nd4 58.Rb6+ Kf7 59.Kg5 Nf3+ 60.Kh5 Kg7 61.g4 Ne5 62.Rb7+  1-0

[Event "EU-ch U20 Girls"]
[Site "Tapolca"]
[Date "1996.??.??"]
[Round "5"]
[White "Smokina, Karolina"]
[Black "Andreescu, Nicoleta Aurora"]
[Result "1/2-1/2"]
[WhiteElo "2180"]
[BlackElo "2150"]

1.d4 Nf6 2.c4 g6 3.Nc3 d5 4.cxd5 Nxd5 5.e4 Nxc3 6.bxc3 Bg7 7.Bc4 O-O 8.Ne2 c5
9.Be3 cxd4 10.cxd4 Qa5+ 11.Qd2 Qxd2+ 12.Kxd2 Nc6 13.Rad1 b6  1/2-1/2

[Event "Tel Aviv Cup rapid"]
[Site "Tel Aviv"]
[Date "1996.??.??"]
[Round "1"]
[White "Tyomkin, Dimitri"]
[Black "Vydeslaver, Alik"]
[Result "1/2-1/2"]
[WhiteElo "2340"]
[BlackElo "2480"]

1.d4 Nf6 2.c4 g6 3.Nc3 d5 4.cxd5 Nxd5 5.e4 Nxc3 6.bxc3 Bg7 7.Nf3 c5 8.Rb1 O-O
9.Be2 Qa5 10.Bd2 cxd4 11.cxd4 Qxa2 12.O-O b6 13.Qc1 Bb7 14.Bc4 Qa4 15.Bb5 Qa2
16.Bc4 Qa4 17.Bb5 Qa2 18.Bc4  1/2-1/2

[Event "Tel Aviv Cup rapid"]
[Site "Tel Aviv"]
[Date "1996.??.??"]
[Round "1"]
[White "Karpman, Vadim"]
[Black "Liss, Eran"]
[Result "1-0"]
[WhiteElo "2380"]
[BlackElo "2480"]

1.d4 Nf6 2.c4 g6 3.Nc3 d5 4.cxd5 Nxd5 5.e4 Nxc3 6.bxc3 Bg7 7.Bc4 c5 8.Ne2 Nc6
9.Be3 Qc7 10.Rc1 O-O 11.O-O Rd8 12.Qd2 a6 13.f4 Bg4 14.f5 gxf5 15.exf5 Bxe2
16.Qxe2 cxd4 17.cxd4 Bxd4 18.Bxd4 Rxd4 19.Qh5 Kh8 20.Bxf7 Qe5 21.Rf3 Rad8
22.Rh3 Qg7 23.Bg6 Rd2 24.Qxh7+ Qxh7 25.Rxh7+ Kg8 26.f6 exf6 27.Rxb7 Ne5 28.Bf5 Kf8
29.Rb6 R8d6 30.Rxd6 Rxd6 31.h3 Rd4 32.Rc7 Ra4 33.Be6  1-0

[Event "Tel Aviv Cup rapid"]
[Site "Tel Aviv"]
[Date "1996.??.??"]
[Round "1"]
[White "Karpman, Vadim"]
[Black "Liss, Eran"]
[Result "1/2-1/2"]
[WhiteElo "2380"]
[BlackElo "2480"]

1.d4 Nf6 2.c4 g6 3.Nc3 d5 4.cxd5 Nxd5 5.e4 Nxc3 6.bxc3 Bg7 7.Bc4 c5 8.Ne2 Nc6
9.Be3 O-O 10.O-O Qc7 11.Rc1 Rd8 12.Qd2 a6 13.f4 b5 14.Bd3 Qa5 15.d5 c4 16.Bb1 e6
17.d6 Bb7 18.e5 Rd7 19.Ng3 Nd8 20.Ne4 Bxe4 21.Bxe4 Rb8 22.Rb1 Rc8 23.a4 Nb7
24.axb5 axb5 25.Ra1 Qd8 26.Ra7 Na5 27.Rxd7 Qxd7 28.Qd4 Nc6 29.Qb6 f6 30.Bxc6 Rxc6
31.Qxb5 Bf8 32.Ra1 Rxd6 33.Qxc4 Rc6 34.Qb5 fxe5 35.fxe5 Qc8 36.Bd4 Bc5 37.h3 Bxd4+
38.cxd4 Qd7 39.Kh2 Kg7 40.Ra8 h6 41.Qb4  1/2-1/2

[Event "Czerniak mem"]
[Site "Tel Aviv"]
[Date "1996.??.??"]
[Round "9"]
[White "Kaspi, Alexander"]
[Black "Manor, Ilan"]
[Result "1/2-1/2"]
[WhiteElo "2475"]
[BlackElo "2510"]

1.d4 Nf6 2.c4 g6 3.Nc3 d5 4.cxd5 Nxd5 5.e4 Nxc3 6.bxc3 Bg7 7.Bc4 c5 8.Ne2 Nc6
9.Be3 O-O 10.O-O Qc7 11.Rc1 Rd8 12.Bf4 Qd7 13.d5 Na5 14.Bd3 b6 15.c4 e5 16.Be3 Qe7
17.f4 exf4 18.Bxf4 Nb7 19.Qc2 Nd6 20.Kh1 Bd7 21.Ng1 f6 22.Nf3 Nf7 23.Rce1 Ne5
24.Nxe5 fxe5 25.Be3 Rf8 26.Kg1 Rxf1+  1/2-1/2